01739nam a22003977a 4500003000500000005001700005008004100022010001000063011001000073035001000083040000900093090001800102100002600120245008800146260003000234300002200264490008300286590004100369590004100410590004100451590004100492590004200533650002800575650003400603830009000637852002600727901000700753942000900760949005700769949005400826949003600880999001700916952014100933952013501074952013201209CHAP20220329141752.0971013s1994 nl r 00010 eng d a73512 a74484 a84043 cCHAP aFolleto 1431200aCohen, Joel I.9243731 aBiotechnology priorities, planning, and policiesb: a framework for decision making aThe Hague :bISNAR,c1994 a49 p.b; gráfs. aInternational Service for National Agricultural Research. Research reportv; 6 aBATCH-UPDb10c20130110lUCH01h0111 aBATCH-UPDb10c20130110lUCH01h1902 aBATCH-UPDb10c20130410lUCH01h1230 aBATCH-UPDb10c20130914lUCH01h0640 aCONVERSIONb10c20130109lUCH01h134014aBiotecnología.91287814aPolítica agrícola.9902830 aInternational Service for National Agricultural Research. Research reportv; 6959817 2yISSUEd2012-12-17503 aBK cFOLL aFolleto 14312bBCcFOLLd-148932eTS2fc.2i84043si aFolleto 14312bBCcFOLLd-39128eTS1i84043mDsi bBCcPSd-39142ePSi84043mDsi c73512d73512 00102local4053708FOLLaBCbBCcPA_FOLLETOSd2012-12-17fFOLLl0oFolleto 14312p-148932r2019-12-31 00:00:00tc.2w2012-12-17yFOLL 00102local4051708FOLLaBCbBCcPA_FOLLETOSd2012-12-17fFOLLl0oFolleto 14312p-39128r2019-12-31 00:00:00w2012-12-17yFOLL 00102local4051708PSaBCbBCcPB_PSd2012-12-17fISSUEl0p-39142r2019-12-31 00:00:00w2012-12-17yISSUEzRecien adquirido